000 00664nam a22002297a 4500
001 BD-DhSAU 7933
003 BD-DhSAU
005 20150530121348.0
008 150530b1991 ii a||||r|||| 001 0 eng d
020 _a8185565007
040 _aBD-DhSAU
082 _222
_a690.715
_bSAA
100 _aSamanta, R.K.
245 _aAgricultural extension in changing world perspective /
_cR.K. Samanta
260 _aNew Delhi :
_bUppal Pub. House,
_cc1991.
300 _axx, 147 p. :
_bill. ;
_c22 cm.
504 _aIncludes bibliographical references and index.
590 _ajoy
650 _aExtension.
650 _aAgricultural extension work.
942 _2ddc
_cBOOK
999 _c7933
_d7933